ระบบห้องสมุดอัตโนมัติ ULibM
วิทยาลัยพยาบาลบรมราชชนนี พระพุทธบาท
เปลี่ยนเป็นภาษาไทย

Change to English
 แสดงรายละเอียดบรรณานุกรม
  กลับหน้าหลัก

Brief Record : Get Marc (ISO 2709) : E-mail record : QR code ปิดหน้าต่าง
E-books : เกี่ยวกับ Collections
LEADER 00000nam 2200000uu 4500
001    13399124151
003     ULIBM
008    260113s2013 th a 000 0 eng d
020    9781451110319
100    Anne M. R. Agur, Arthur F. Dalley
245    Grant's atlas of anatomy
250    13rd ed
260    Philadelphia :^bLIPPINCOTT WILLIAMS & WILKINS,^c2013
300    869 pages
945    ^p0^l0^i020230
999    ^aน.ส.เรวดี วงษ์สุวรรณ์
รายการนี้ยังไม่มีแท็ก
คุณยังไม่ได้ล็อกอิน คุณสามารถมีกิจกรรมร่วมกับเว็บไซต์ได้ แต่ต้องล็อกอินก่อน ::
  ล็อกอิน
ลำดับที่ ประเภท เลขเรียก สถานที่ สถานะ
1.
QS17 A762g 2013  
  
วิทยาลัยพยาบาลบรมราชชนนี พระพุทธบาท
►หนังสือทั่วไป
On Shelf
   [แสดง 1/1 รายการ]

รายการใกล้เคียง
    ชื่อเรื่อง [Grant's atlas of anatomy]

    ผู้แต่ง [Anne M. R. Agur, Arthur F. Dalley]

Bib 13399124151